The Boar Hunt/ (Record no. 203796)

MARC details
000 -LEADER
fixed length control field 00487 a2200193 4500
005 - DATE AND TIME OF LATEST TRANSACTION
control field 20240627151119.0
010 ## - LCCN (DPL NO)
LC control number B-759948
020 ## - INTERNATIONAL STANDARD BOOK NUMBER
International Standard Book Number 9789393701794
Terms of availability 499.00
035 ## - SYSTEM CONTROL NUMBER
System control number B-759948
037 ## - SOURCE OF ACQUISITION
Source of stock number/acquisition Gift
082 ## - DEWEY DECIMAL CLASSIFICATION NUMBER
Classification number S
100 ## - MAIN ENTRY--PERSONAL NAME
Personal name Devadas, V.M.
245 ## - TITLE STATEMENT
Title The Boar Hunt/
Statement of responsibility, etc V.M. Devadas
260 ## - PUBLICATION, DISTRIBUTION, ETC. (IMPRINT)
Place of publication, distribution, etc India
Name of publisher, distributor, etc Hachette India
Date of publication, distribution, etc 2023
270 ## - ADDRESS
Address Gurugram
300 ## - PHYSICAL DESCRIPTION
Extent 180 p.
Dimensions 19 cm(Pb)
942 ## - ADDED ENTRY ELEMENTS (KOHA)
Institution code [OBSOLETE] dpl
Item type Children Books
Source of classification or shelving scheme Dewey Decimal Classification
Classification part S
Call number suffix DEV
Holdings
Withdrawn status Lost status Not for loan Collection code Home library Current library Date acquired Source of acquisition Cost, normal purchase price Full call number Barcode Copy number Cost, replacement price Koha item type Public note
      Fiction Ashok Vihar Ashok Vihar 27/06/2024 Gift/25.6.24 499.00 S DEV B-759948 1 499.00 Children Books Gift

© Delhi Public Library
Hit Counter
free hit counter